Paper Mario: Color Splash Battle Cards - Statistics

General Stats
  • This quiz has been taken 30 times
  • The average score is 65 of 160
Answer Stats
Type Answer % Correct
Basic Hammer
92%
Basic Jump
92%
Basic Big Hammer
85%
Basic Big Jump
77%
Enemy Spike
77%
Thing Bone
69%
Thing Fan
69%
Thing Fire Extinguisher
69%
Basic Hammer x2
69%
Basic Hammer x3
69%
Basic Huge Hammer
69%
Enemy Koopa Troopa
69%
Enemy Red Shy Guy
69%
Basic Worn-Out Jump
69%
Enemy Yellow Shy Guy
69%
Thing Balloons
62%
Basic Big Hammer x2
62%
Basic Big Jump x2
62%
Enemy Boo
62%
Basic Eekhammer
62%
Enemy Goomba
62%
Enemy Iggy
62%
Basic Jump x2
62%
Enemy Larry
62%
Enemy Lemmy
62%
Enemy Ludwig
62%
Enemy Morton
62%
Enemy Roy
62%
Thing Salt and Pepper
62%
Enemy Wendy
62%
Basic Worn-Out Hammer
62%
Basic Big Eekhammer
54%
Basic Big Eekhammer x2
54%
Enemy Blue Shy Guy
54%
Enemy Boomerang Bro
54%
Thing Disco Ball
54%
Basic Eekhammer x2
54%
Basic Eekhammer x3
54%
Enemy Fire Bro
54%
Basic Fire Flower
54%
Enemy Green Shy Guy
54%
Enemy Hammer Bro
54%
Basic Huge Eekhammer
54%
Basic Huge Jump
54%
Basic Hurlhammer
54%
Enemy Ice Bro
54%
Basic Ice Flower
54%
Thing Ice Pick
54%
Basic Jump x3
54%
Basic KO Hammer
54%
Thing Lemon
54%
Thing Piggy Bank
54%
Thing Plunger
54%
Enemy Spiny
54%
Basic Tail
54%
Thing Teapot
54%
Thing Washing Machine
54%
Basic Worn-Out Hammer x3
54%
Basic Worn-Out Hammer x5
54%
Basic Worn-Out Jump x3
54%
Basic Worn-Out Jump x5
54%
Basic Big Hopslipper
46%
Basic Big Hurlhammer
46%
Basic Big KO Hammer
46%
Enemy Buzzy Beetle
46%
Thing Cat-o-Luck
46%
Enemy Dry Bones
46%
Basic Hopslipper
46%
Basic Hopslipper x2
46%
Basic Hopslipper x3
46%
Basic Huge Hopslipper
46%
Basic Huge KO Hammer
46%
Basic Line Jump
46%
Basic Mushroom
46%
Enemy Pink Shy Guy
46%
Enemy Swoop
46%
Basic 1-Up Mushroom
38%
Thing Battery
38%
Basic Big Fire Flower
38%
Basic Big Ice Flower
38%
Basic Big Line Jump
38%
Basic Big Mushroom
38%
Enemy Blue Slurp Guy
38%
Enemy Blue Snifit
38%
Thing Cork
38%
Basic Frog Suit
38%
Thing Huey
38%
Basic Huge Hurlhammer
38%
Basic Huge Line Jump
38%
Basic Huge Mushroom
38%
Basic Hurlhammer x3
38%
Basic Iron Jump
38%
Enemy Koopa Paratroopa
38%
Enemy Lava Bubble
38%
Thing Magnifying Glass
38%
Basic Pow Block
38%
Enemy Red Slurp Guy
38%
Enemy Red Snifit
38%
Enemy Spike Top
38%
Thing Turnip
38%
Enemy Yellow Snifit
38%
Basic Big Iron Jump
31%
Enemy/Thing Black Bowser's Castle
31%
Thing Bottle Opener
31%
Thing Charcoal Grill
31%
Enemy Cheep Cheep
31%
Thing Compass
31%
Enemy Green Snifit
31%
Basic Huge Iron Jump
31%
Basic Iron Jump x2
31%
Basic Iron Jump x3
31%
Enemy Kamek
31%
Thing Megaphone
31%
Enemy Paragoomba
31%
Enemy Pink Snifit
31%
Enemy Sledge Bro
31%
Basic Spike Helmet
31%
Enemy Yellow Slurp Guy
31%
Thing Basin
23%
Basic Blazehammer
23%
Enemy Blooper
23%
Enemy Blue Spike Guy
23%
Enemy Bone Goomba
23%
Enemy Pink Spike Guy
23%
Thing Recorder
23%
Enemy Red Spike Guy
23%
Enemy Shy Bandit
23%
Enemy Yellow Spike Guy
23%
Basic Big Spin Jump
15%
Enemy Blue Slurp Snifit
15%
Enemy Blue Spike Snifit
15%
Enemy Bob-omb
15%
Enemy Circus Bro
15%
Enemy Fuzzy
15%
Enemy Green Spike Guy
15%
Enemy Green Spike Snifit
15%
Thing Hair Dryer
15%
Thing Instant Camera
15%
Enemy Juggler Bro
15%
Thing Lightbulb
15%
Enemy Ninji
15%
Enemy Pink Spike Snifit
15%
Enemy Pokey
15%
Enemy Ptooie
15%
Enemy Red Slurp Snifit
15%
Enemy Red Spike Snifit
15%
Basic Spin Jump
15%
Enemy Yellow Slurp Snifit
15%
Enemy Yellow Spike Snifit
15%
Thing Claw Hammer
8%
Enemy Dino Rhino
8%
Enemy Fire Piranha Plant
8%
Enemy Green Pokey
8%
Enemy Green Roller Guy
8%
Basic Hulrhammer x2
8%
Enemy Red Roller Guy
8%
Enemy Rocky Wrench
8%
Enemy Pink Roller Guy
0%
Enemy Scardey Rat
0%
Enemy Sombrero Guy
0%
No matching quizzes found
Score Distribution
Percent of People with Each Score
Percentile by Number Answered
Your Score History
You have not taken this quiz